000 00251 a2200097 4500
001 52991
100 _aTaylor, M J H
245 _aJane's Pocket Book of Research & Experimental Aircraft
260 _aNew York
_bCollier Books
_c
090 _c33317
_d33317
942 _aNUST-CAE
_cM
_c25911
999 _c288064
_d288064